Le corbusie : (Registro nro. 55229)

Detalles MARC
000 -LEADER
campo de control de longitud fija 02491cam a22005294i 4500
003 - IDENTIFICADOR DE NÚMERO DE CONTROL
campo de control PE-LiUPU
005 - FECHA Y HORA DE LA ÚLTIMA TRANSACCIÓN
campo de control 20250731183442.0
008 - DATOS DE LONGITUD FIJA--INFORMACIÓN GENERAL
campo de control de longitud fija 141012s2013 a r 000 0 spa d
020 ## - NÚMERO INTERNACIONAL ESTÁNDAR DEL LIBRO
Número Internacional Estándar del Libro 9788425218088
035 ## - NÚMERO DE CONTROL DEL SISTEMA
Número de control de sistema (Sirsi) i9788425218088
035 ## - NÚMERO DE CONTROL DEL SISTEMA
Número de control de sistema (Sirsi) 50838
035 ## - NÚMERO DE CONTROL DEL SISTEMA
Número de control de sistema (Sirsi) 50838
040 ## - FUENTE DE CATALOGACIÓN
Centro catalogador/agencia de origen PE-LiUPU
Lengua de catalogación spa
Centro/agencia transcriptor PE-LiUPU
Centro/agencia modificador PE-LiUPU
Normas de descripción rda
041 ## - CÓDIGO DE IDIOMA
Código de lengua del texto/banda sonora o título independiente spa
Código de lengua original eng
082 04 - NÚMERO DE LA CLASIFICACIÓN DECIMAL DEWEY
Número de clasificación 721.042
Cutter B16
100 1# - ENTRADA PRINCIPAL--NOMBRE DE PERSONA
Nombre de persona Baker, Geoffrey Harold
Fechas asociadas al nombre 1912-
245 13 - MENCIÓN DEL TÍTULO
Título Le corbusie :
Resto del título analisis de la forma /
Mención de responsabilidad, etc. Geoffrey H. Baker ; versión castellana de Santiago Castá.
250 ## - MENCION DE EDICION
Mención de edición 7a edición ampliada.
264 #1 - PRODUCCIÓN, PUBLICACIÓN, DISTRIBUCIÓN, FABRICACIÓN Y COPYRIGHT
Producción, publicación, distribución, fabricación y copyright Barcelona :
Nombre del de productor, editor, distribuidor, fabricante Gustavo Gili,
Fecha de producción, publicación, distribución, fabricación o copyright 2013.
300 ## - DESCRIPCIÓN FÍSICA
Extensión xv, 383 páginas :
Otras características físicas ilustraciones planos ;
Dimensiones 24 cm
336 ## - TIPO DE CONTENIDO
Término de tipo de contenido text
Fuente rdacontent
337 ## - TIPO DE MEDIO
Nombre/término del tipo de medio unmediated
Fuente rdamedia
338 ## - TIPO DE SOPORTE
Nombre/término del tipo de soporte volume
Fuente rdacarrier
505 0# - NOTA DE CONTENIDO CON FORMATO
Nota de contenido con formato Aspectos de la forma -- Charles-Edouard Jeanneret: años de formación -- Años de transición, 1912-1917 -- La década heroica, 1920-1930 primer período de madurez -- Fase de la Posguerra -- Sistemas de articulación en la obra de Le Corbusier
526 ## - NOTA DE INFORMACIÓN SOBRE EL PROGRAMA DE ESTUDIO
Nombre del programa Maestría Bim Facility Management (A distancia)
526 ## - NOTA DE INFORMACIÓN SOBRE EL PROGRAMA DE ESTUDIO
Nombre del programa
526 ## - NOTA DE INFORMACIÓN SOBRE EL PROGRAMA DE ESTUDIO
Nombre del programa Educación musical y artes
526 ## - NOTA DE INFORMACIÓN SOBRE EL PROGRAMA DE ESTUDIO
Nombre del programa Educación, especialidad educación física
526 ## - NOTA DE INFORMACIÓN SOBRE EL PROGRAMA DE ESTUDIO
Nombre del programa Arquitectura
534 ## - NOTA SOBRE LA VERSIÓN ORIGINAL
Frase introductoria título original:
Mención de título del original Le Corbusier. an analysis of form
596 ## -
-- 1
600 ## - PUNTO DE ACCESO ADICIONAL DE MATERIA--NOMBRE DE PERSONA
Nombre de persona Le Corbusier
Fechas asociadas al nombre 1887-1965
Subdivisión general Obra arquitectónica
650 14 - PUNTO DE ACCESO ADICIONAL DE MATERIA--TÉRMINO DE MATERIA
Término de materia o nombre geográfico como elemento de entrada Urbanismo
9 (RLIN) 3430
650 14 - PUNTO DE ACCESO ADICIONAL DE MATERIA--TÉRMINO DE MATERIA
Término de materia o nombre geográfico como elemento de entrada Forma (Arquitectura)
650 14 - PUNTO DE ACCESO ADICIONAL DE MATERIA--TÉRMINO DE MATERIA
Término de materia o nombre geográfico como elemento de entrada Diseño arquitectónico
9 (RLIN) 4380
700 1# - ENTRADA AGREGADA--NOMBRE PERSONAL
Nombre de persona Castán, Santiago
Término indicativo de función/relación traductor
910 ## - DATOS DE OPCIÓN DEL USUARIO (OCLC)
Datos de opción del usuario gl
--
-- lch
-- 20130705
910 ## - DATOS DE OPCIÓN DEL USUARIO (OCLC)
Datos de opción del usuario peb
942 ## - ELEMENTOS DE ENTRADA SECUNDARIOS (KOHA)
Fuente del sistema de clasificación o colocación Clasificación Decimal Dewey
Tipo de ítem Koha
949 ## - PROCESAMIENTO DE INFORMACIÓN LOCAL (OCLC)
a 721.042 B16
i 67599
l CCODEBUL1
m BUL
t LIBRO
o .STAFF. Colección General
949 ## - PROCESAMIENTO DE INFORMACIÓN LOCAL (OCLC)
a 721.042 B16
i 70558
l CCODEBUL1
m BUL
t LIBRO
o .STAFF. Colección General
999 ## - NÚMEROS DE CONTROL DE SISTEMA (KOHA)
-- DEWEY
-- 67599
-- 2017-4-20
-- 2021-11-9
-- 7
-- CCODEBUL1
-- BUL
-- 11
-- 52.00
-- 0
-- Y
-- BOOK
-- 2015-7-6
-- INGENIERIA
-- P06
-- COMPRA
-- .STAFF. Colección Ingenieria y Arquitectura
999 ## - NÚMEROS DE CONTROL DE SISTEMA (KOHA)
-- DEWEY
-- 70558
-- 2018-6-14
-- 2021-11-9
-- 7
-- CCODEBUL1
-- BUL
-- 10
-- 52.00
-- 0
-- Y
-- BOOK
-- 2015-7-23
-- INGENIERIA
-- P06
-- COMPRA
-- .STAFF. Colección General
999 ## - NÚMEROS DE CONTROL DE SISTEMA (KOHA)
-- DEWEY
-- 72882
-- 2019-8-9
-- 2021-11-9
-- 7
-- CCODEBUL1
-- BUL
-- 7
-- 50.73
-- 1
-- 0
-- Y
-- BOOK
-- 2016-5-3
-- INGENIERIA
-- P06
-- COMPRA
-- .STAFF. Colección General
980 ## - EQUIVALENCIA O REFERENCIA-CRUZADA-MENCIÓN DE SERIE--NOMBRE DE PERSONA/TÍTULO [LOCAL, CANADÁ]
ID del último usuario que modificó el registro 1
Nombre del último usuario que modificó el registro ALBERTO SANCHEZ Responsable de Automatización
Existencias
Visto por última vez Número de inventario Total de préstamos Signatura topográfica completa Código de barras Fecha del último préstamo Copia número Coste, precio de reemplazo Fecha de reemplazo Facultad Tipo de ítem Koha Nota pública Estado de pérdida Fuente del sistema de clasificación o colocación Restricciones de uso No para préstamo Colección Programa académico Biblioteca de origen Biblioteca actual Ubicación en estantería Fecha de adquisición Fuente de adquisición Coste, precio normal de compra
2025-12-03 8 11 721.042 B16 67599 2017-04-20 e1 57.00 2015-07-06 FIA Libros físicos inventario-2023-12-13 No Perdido Clasificación Decimal Dewey No restringido Disponible para préstamos Colección General Arquitectura Biblioteca CRAI UPeU Lima Biblioteca CRAI UPeU Lima Sala principal 2015-07-06 COMPRA 52.00
2025-12-03 8 10 721.042 B16 70558 2018-06-14 e2 57.00 2015-07-23 FIA Libros físicos inventario-2023-12-13 No Perdido Clasificación Decimal Dewey No restringido Disponible para préstamos Colección General Arquitectura Biblioteca CRAI UPeU Lima Biblioteca CRAI UPeU Lima Sala principal 2015-07-23 COMPRA 52.00
2025-12-03 8 9 721.042 B16 72882 2024-04-11 e3 55.73 2016-05-03 FIA Libros físicos inventario-2023-12-13 No Perdido Clasificación Decimal Dewey No restringido Disponible para préstamos Colección General Arquitectura Biblioteca CRAI UPeU Lima Biblioteca CRAI UPeU Lima Sala principal 2016-05-03 COMPRA 50.73
2026-04-29   1 721.042 B16 82887 2026-04-22 e4 55.73 2025-10-29 FIA Libros físicos   No Perdido Clasificación Decimal Dewey No restringido Disponible para préstamos Colección General Arquitectura Biblioteca CRAI UPeU Lima Biblioteca CRAI UPeU Lima Sala principal 2025-10-27 Compra, LICTUN SAC 50.73